000 00700nam a22002177a 4500
003 OSt
005 20160818180535.0
008 160727b xxu||||| |||| 00| 0 eng d
020 _a978-0-07-287557-7
040 _cLIC
082 _22005
_aDC 338.5
_bM13m
100 _913047
_aMcConnell, Campbell R.
245 _aMacroeconomics:
_bprinciples, problems, and policies/
_cCampbell R. McConnell and Stanley L. Brue.
250 _a16th Edition
260 _aBoston:
_bMcGraw-Hill/Irwin,
_cc2005.
300 _axxiii, (various paging):
_bcolor illustrations;
_c25 cm.
500 _aIncludes glossary and index.
650 0 _913049
_aMacroeconomics
700 _913050
_aBrue, Stanley L.
942 _2ddc
_cDC
999 _c3909
_d3909